000 00668nam a2200229 a 4500
001 13583
003 BD-JhCC
005 20240302103442.0
008 240229b2023 bg |||| ||a 000 0 ben d
020 _a9789849673668
035 _a(BD-JhCC)13583
040 _aBD-JhCC
_dBD-JhCC
041 _aBengali
082 _a891.4415
_bRAS 2023
100 _a রশীদ,মামুনুর
245 _aগহিন অন্তরে /
_cমামুনুর রশীদ ।
260 _aঢাকা:
_bসুচয়নী পাবলিশার্স;
_c2023.
300 _a80 p. :
_c22 cm
650 _aBengali Poem.
942 _2ddc
_cBK
999 _c13583
_d13583